=LDR 00000nam 2200000 4500 =001 INLIS000000000028101 =005 20130612130429 =008 ***********************************ind** =035 ##$$0010-061300000028101 =041 ##$$a ind =082 ##$$a 320.1 =090 ##$$a 320.1, SUH i =100 ##$$a Suhardjo =245 ##$$a Ilmu Negara, Pertumbuhan konstitusi negara modern, Soehardjo =260 ##$$a 1994 $b Semarang =300 ##$$a vii, 86 hlm., 21 cm =650 ##$$a Ilmu Negara =850 ##$$a NBPNMAT